| Tag |
First Indicator |
Second Indicator |
Subfields |
| LEADER |
00000cam a2200000Ia 4500 |
| 001 |
in00000003868 |
| 007 |
he bmb024bbca |
| 008 |
990617s1999 mdu b f000 0 eng d |
| 005 |
20230309222516.7 |
| 035 |
|
|
|a (OCoLC)ocm41566620
|
| 035 |
|
|
|9 AJH6240AM
|
| 035 |
|
|
|a in00000003868
|
| 040 |
|
|
|a GPO
|c GPO
|d OCL
|d TXA
|d UtOrBLW
|
| 043 |
|
|
|a n-us---
|
| 049 |
|
|
|a TXAM
|
| 074 |
|
|
|a 0516-F (MF)
|
| 074 |
|
|
|a 0516-F (online)
|
| 086 |
0 |
|
|a SSA 1.25:142
|
| 100 |
1 |
|
|a Kunkel, Jeffrey L.
|
| 245 |
1 |
0 |
|a Social security trust fund investment policies and practices /
|c by Jeffrey L. Kunkel.
|
| 264 |
|
1 |
|a [Baltimore, Md.] :
|b Social Security Administration, Office of the Chief Actuary,
|c [1999]
|
| 300 |
|
|
|a 11 pages
|
| 336 |
|
|
|a text
|b txt
|2 rdacontent
|
| 337 |
|
|
|a microform
|b h
|2 rdamedia
|
| 338 |
|
|
|a microfiche
|b he
|2 rdacarrier
|
| 490 |
1 |
|
|a Actuarial note ;
|v no. 142
|
| 500 |
|
|
|a Caption title.
|
| 500 |
|
|
|a "January 1999."
|
| 500 |
|
|
|a Shipping list number: 99-0501-M.
|
| 500 |
|
|
|a Shipping List #: 99-0501-M
|
| 500 |
|
|
|a Shipping List Date: 05/14/99
|
| 530 |
|
|
|a Also available via Internet from SSA web site. Address as of 12/15/04: http://www.ssa.gov/OACT/NOTES/note142.html; current access available via PURL.
|
| 533 |
|
|
|a Microfiche.
|b [Washington, D.C.] :
|c Supt. of Docs., U.S. G.P.O.,
|d [1999]
|e 1 microfiche : negative.
|
| 500 |
|
|
|a Microform.
|
| 650 |
|
0 |
|a Social security
|z United States.
|
| 650 |
|
0 |
|a Pension trusts
|x Investments
|z United States.
|
| 650 |
|
0 |
|a Interest rates
|z United States.
|
| 710 |
1 |
|
|a United States.
|b Social Security Administration.
|b Office of the Chief Actuary.
|
| 830 |
|
0 |
|a Actuarial note (United States. Social Security Administration) ;
|v no. 142.
|
| 856 |
4 |
1 |
|u https://purl.fdlp.gov/GPO/LPS55233
|t 0
|
| 994 |
|
|
|a C0
|b TXA
|
| 999 |
|
|
|a MARS
|
| 999 |
f |
f |
|i 1e7447ef-326c-3000-b7a5-92f357225f6d
|s a3feb6f3-c0b6-3f82-be6b-e6190bdf6a5b
|t 0
|
| 952 |
f |
f |
|p normal
|a Texas A&M University
|b College Station
|c Sterling C. Evans Library
|d Evans: US Documents Microfiche (3rd floor)
|t 0
|e SSA 1.25:142
|h Superintendent of Documents classification
|i microform -- microfiche
|m A14824497925
|
| 952 |
f |
f |
|a Texas A&M University
|b College Station
|c Electronic Resources
|d Available Online
|t 0
|e SSA 1.25:142
|h Superintendent of Documents classification
|
| 998 |
f |
f |
|a SSA 1.25:142
|t 0
|l Available Online
|
| 998 |
f |
f |
|a SSA 1.25:142
|t 0
|l Evans: US Documents Microfiche (3rd floor)
|